000 00557nam a2200193 a 4500
005 20140310183550.0
008 111013s19uu xx 00 eng d
020 _a9781111007096
050 _aQA 76.5
_b.B175 2009
100 _aBaldauf, Kenneth
245 _aThe world of information technology /
_cKenneth Baldauf, Ralph Stair.
260 _aAustralia :
_bCengagew Learning,
_c2009.
300 _a349 p. :
_bill. ;
_c24 cm.
521 _aIT
650 _aInformation technology
700 _aStair, Ralph
942 _cBK
_2lcc
_kFOR
999 _c24941
_d24941